Sports Quiz

Random Sports or Football Quiz

Thrown and Caught a TD Pass in the Playoffs Quiz Stats

 Plays Quiz Updated Feb 4, 2018

Score 0/6 Timer 05:00
0 Plays Today
TD Thrown Date Player % Correct
1-4-14 (2), 1-21-18 (3), 2-4-18 (3)Nick Foles (Eagles)
92%
1-6-18 (2)Marcus Mariota (Titans)
73.7%
1-10-15Julian Edelman (Patriots)
38.4%
2-5-06Antwaan Randle El (Steelers)
32.7%
1-11-98 and 1-20-02Kordell Stewart (Steelers)
13.6%
1-9-83Freeman McNeil (Jets)
3.2%

You're not logged in!

Compare scores with friends on all Sporcle quizzes.
OR
Log In

You Might Also Like...

Show Comments

Extras

Top Quizzes Today


Score Distribution

Your Account Isn't Verified!

In order to create a playlist on Sporcle, you need to verify the email address you used during registration. Go to your Sporcle Settings to finish the process.

Report this User

Report this user for behavior that violates our Community Guidelines.

Details: